Signal number 3 / (Record no. 13861)

000 -LEADER
fixed length control field 00681nam a2200193 4500
020 ## - ISBN
ISBN 9789710099016
082 ## - DEWEY DECIMAL CLASSIFICATION NUMBER
Classification number Fil. 899.211 G3863s 2014
100 ## - MAIN ENTRY--PERSONAL NAME
Personal name Gatmaitan, Luis P.
245 ## - TITLE STATEMENT
Title Signal number 3 /
Statement of responsibility, etc. story by Luis P. Gatmaitan ; illustrated by Jether Amar
260 ## - PUBLICATION, DISTRIBUTION, ETC. (IMPRINT)
Place of publication, distribution, etc. Mandaluyong City
Name of publisher, distributor, etc. OMF Literature Inc.
Date of publication, distribution, etc. c2014
300 ## - PHYSICAL DESCRIPTION
Extent/Page number 31 pages :
Other physical details chiefly color illustrations ;
Dimensions 22.5 x 16.5 cm
526 ## - STUDY PROGRAM INFORMATION NOTE
PROGRAM TYPE Literature (plays, poems, essays, literature in foreign languages)
650 ## - SUBJECT ADDED ENTRY--TOPICAL TERM
Topical term or geographic name as entry element Typhoons
650 ## - SUBJECT ADDED ENTRY--TOPICAL TERM
Topical term or geographic name as entry element Natural disasters -- Juvenile literature
650 ## - SUBJECT ADDED ENTRY--TOPICAL TERM
Topical term or geographic name as entry element Environmental disasters -- Juvenile literature
650 ## - SUBJECT ADDED ENTRY--TOPICAL TERM
Topical term or geographic name as entry element Children's stories, Philippine (English)
650 ## - SUBJECT ADDED ENTRY--TOPICAL TERM
Topical term or geographic name as entry element Children's stories, Tagalog
942 ## - ADDED ENTRY ELEMENTS
Classification
Item type Book

No items available.